Loading...
| History - European | 0 | 4 | 1 | 0 | 35 | 17 | 50.00 | 2 | 4 | 11.97 | 17.36 |
| History - World | 0 | 3 | 0 | 0 | 30 | 25 | 39.67 | 2 | 3 | 19.21 | 21.25 |
| Popular Culture | 0 | 2 | 0 | 0 | 20 | 26 | 43.50 | 0 | 1 | 24.57 | 20.00 |
| Literature - American | 0 | 2 | 0 | 1 | 20 | 34 | 76.00 | 1 | 1 | 13.87 | 22.50 |
| Literature - British | 0 | 2 | 0 | 0 | 20 | 63 | 73.00 | 0 | 2 | 4.90 | 8.33 |
| Mythology | 0 | 1 | 0 | 0 | 10 | 57 | 57.00 | 0 | 0 | 4.82 | 2.50 |
| Philosophy | 0 | 1 | 0 | 1 | 10 | 107 | 107.00 | 1 | 1 | 0.00 | 12.50 |
| Current Events | 0 | 1 | 0 | 0 | 10 | 74 | 74.00 | 1 | 1 | 7.04 | 25.00 |
| Religion | 0 | 1 | 0 | 1 | 10 | 114 | 114.00 | 0 | 1 | 0.00 | 1.25 |
| Geography | 0 | 1 | 0 | 0 | 10 | 61 | 61.00 | 1 | 1 | 8.60 | 20.00 |
| Fine Arts - Classical Music | 0 | 1 | 0 | 0 | 10 | 80 | 80.00 | 1 | 1 | 2.52 | 10.00 |
| Social Science | 0 | 1 | 1 | 0 | 5 | 61 | 61.00 | 0 | 1 | 5.75 | 10.94 |
| Literature - World | 0 | 0 | 0 | 0 | 0 | 0.00 | 0 | 0 | 0.00 | 0.00 | |
| Science - Physics | 0 | 0 | 0 | 0 | 0 | 0.00 | 0 | 0 | 0.00 | 0.00 | |
| Literature - European | 0 | 0 | 1 | 0 | -5 | 0.00 | 0 | 0 | 0.00 | 0.00 | |
| Science - Other | 0 | 0 | 2 | 0 | -10 | 0.00 | 0 | 0 | 0.00 | 0.00 |